Malaysian Natural rubber dilemma (Record no. 62390)

MARC details
000 -LEADER
fixed length control field 00402nam a2200133Ia 4500
100 ## - MAIN ENTRY--AUTHOR NAME
Personal name Sekhar B C
245 #0 - TITLE STATEMENT
Title Malaysian Natural rubber dilemma
260 ## - PUBLICATION, DISTRIBUTION, ETC. (IMPRINT)
Name of publisher Proceedings of the International Rubber Conference, Kuala Lumpur, Malaysia, V.1. 1985; p57-72
650 ## - SUBJECT ADDED ENTRY--TOPICAL TERM
Topical Term Malaysia
650 ## - SUBJECT ADDED ENTRY--TOPICAL TERM
Topical Term Natural Rubber
650 ## - SUBJECT ADDED ENTRY--TOPICAL TERM
Topical Term Synthetic rubber
942 ## - ADDED ENTRY ELEMENTS (KOHA)
Koha item type Journals
Holdings
Withdrawn status Lost status Damaged status Not for loan Home library Current library Shelving location Date acquired Koha item type
      Journals RRII Library RRII Library Agricultural economics 17/12/2021 Journals